| 000 | 00919cam a2200241u 4500 | ||
|---|---|---|---|
| 001 | 9299109 | ||
| 005 | 20040903152034.0 | ||
| 008 | 810227s1950 inu 000 0 eng | ||
| 010 | _a 50006590 | ||
| 040 |
_aDLC _cCarP _dDLC |
||
| 043 | _an-us--- | ||
| 050 | 0 | 0 |
_aJK34 _b.T6 |
| 082 |
_bTOU _222 _a324.0973 |
||
| 100 | 1 |
_aTourtellot, Arthur Bernon. _99503 |
|
| 245 | 1 | 3 |
_aAn Anatomy of American Politics: _bInnovation versus Conservatism/ _cby Arthur Bernon Tourtellot |
| 260 |
_aIndianapolis: _bBobbs-Merrill, _c1950 |
||
| 300 | _ap. cm. | ||
| 500 | _aDonated by: Alaa Abdel Ghany | ||
| 650 | 0 |
_aPolitical parties _zUnited States. _99504 |
|
| 651 | 0 |
_aUnited States _xPolitics and government. _99505 |
|
| 942 |
_cBB _2ddc |
||
| 999 |
_c12950 _d12950 |
||